00978cam a22002533a 45000010005000000030006000050050017000110080041000280100017000690200022000860200017001080350023001250400023001480500017001710820012001881000050002002450073002502600035003233000024003585200250003826500035006326550028006677000029006955552FISKH20241217135823.0980317m19879999nyua j 000 1 eng d a 97808521  a0590443801 (pbk.) a078073003990 a(OCoLC)ocm38735876 aIOCcIOCdDLCbeng aPS3563.I417  a793.73 1 aMiller, Marvin,q(Marvin L.),d1936-eauthor.10aYou be the jury /cMarvin Miller ; Inside illustrations by Bob Roper aNew York :bScholastic,c1987. a86 pages : c20 cm  aThe court is now in session, and you are the jury. You examine the evidence. You spot the clues. You decide: Guilty or Not Guilty. Ten courtroom mysteries with illustrated clues. Answers are given-but don't peek. The final verdict is up to you.  0aDetective and mystery stories. 7aMystery fiction.2gsafd1 aRoper, Bob,eillustrator